[Event "13sen.WMH 2003 Senioren"]
[Site "Bad Zwischenahn(17.11.-29.11.2003)"]
[Date "2003.11.29"]
[Round "3"]
[White "Thonig, Manfred"]
[Black "Samarian, Cornel"]
[Result "1/2-1/2"]
[WhiteElo "1538"]
[BlackElo "1592"]
[PlyCount "93"]


1. f4 d5 2. Nf3 Nf6 3. e3 h6 4. b3 Bf5 5. Bb2 e6 6. Be2 Be7 7. Ne5 O-O 8. O-O
Nbd7 9. d4 Nxe5 10. fxe5 Nh7 11. Nd2 Bg5 12. Rf3 Bg4 13. Rg3 Bxe2 14. Qxe2 f5
15. exf6 Bxf6 16. Nf3 Qe7 17. a4 a6 18. Ba3 Qd7 19. Bxf8 Rxf8 20. Rf1 Rf7 21.
Ne5 Bxe5 22. Rxf7 Qxf7 23. dxe5 Ng5 24. h4 Ne4 25. Rf3 Qe7 26. g3 c6 27. c4 Qa3
28. cxd5 cxd5 29. Qc2 Qa1+ 30. Kh2 Qxe5 31. Kg2 h5 32. Qc8+ Kh7 33. Qc2 Kg8 34.
b4 Qb8 35. Qd3 b5 36. a5 Qc7 37. Rf4 Qc8 38. g4 hxg4 39. Rxg4 Qc1 40. Qe2 Nf6
41. Rf4 Qc3 42. h5 Qe5 43. Rh4 Qg5+ 44. Kh3 Qf5+ 45. Kh2 Qg5 46. Kh3 Qf5+ 47.
Kh2 1/2-1/2

[Event "13sen.WMH 2003 Senioren"]
[Site "Bad Zwischenahn(17.11.-29.11.2003)"]
[Date "2003.11.29"]
[Round "3"]
[White "Viner, Phillip"]
[Black "Rubinstein, Mark"]
[Result "0-1"]
[WhiteElo "2127"]
[BlackElo "1938"]
[PlyCount "138"]


1. Nf3 Nf6 2. c4 g6 3. Nc3 Bg7 4. e4 d6 5. d4 O-O 6. h3 Nbd7 7. Bg5 h6 8. Be3
e5 9. dxe5 dxe5 10. Qd2 Kh7 11. Rd1 Re8 12. Be2 c6 13. O-O Qe7 14. Rfe1 g5 15.
h4 g4 16. Nh2 Nf8 17. g3 Be6 18. Qd6 Qxd6 19. Rxd6 N8d7 20. a3 Bf8 21. Rdd1 Nb6
22. Bxb6 axb6 23. Nf1 Bc5 24. Nd2 Bd4 25. Ndb1 h5 26. Rc1 Kh6 27. Bf1 Nd7 28.
Ne2 Bxb2 29. Rc2 Bxa3 30. Nxa3 Rxa3 31. Rb1 Rea8 32. Nc1 f5 33. Rd2 Kg7 34. Bd3
f4 35. gxf4 exf4 36. Ne2 Rf8 37. Nd4 Kf7 38. Nf5 Nc5 39. Bc2 Ra6 40. Nh6+ Kg6
41. Nf5 Kf7 42. e5 Nd7 43. Re1 Nc5 44. Rd4 f3 45. Rf4 Kg8 46. Ne7+ Kg7 47. Rxf8
Kxf8 48. Ng6+ Kg7 49. Nf4 Bf7 50. e6 Be8 51. e7 Ra8 52. Kh2 Kf6 53. Kg3 Rc8 54.
Re3 Ra8 55. Re1 Bf7 56. Bg6 Bxg6 57. Nxg6 Re8 58. Nf4 Rxe7 59. Rxe7 Kxe7 60.
Nxh5 Ne4+ 61. Kxg4 Nxf2+ 62. Kxf3 Nd3 63. Ke3 Nc5 64. Kd4 Ke6 65. Ng3 Nd7 66.
Ke4 c5 67. h5 b5 68. h6 Kf6 69. Ne2 b4 0-1

[Event "13sen.WMH 2003 Senioren"]
[Site "Bad Zwischenahn(17.11.-29.11.2003)"]
[Date "2003.11.29"]
[Round "3"]
[White "Voelkel, Gustav"]
[Black "Krause, Armin"]
[Result "1-0"]
[WhiteElo "1572"]
[BlackElo "1309"]
[PlyCount "69"]


1. d4 Nf6 2. Nf3 d5 3. e3 c6 4. Bd3 Bg4 5. Nbd2 e6 6. c3 Nbd7 7. Qc2 Be7 8. O-O
Bxf3 9. Nxf3 h6 10. Re1 Qc7 11. Bd2 Bd6 12. h3 O-O-O 13. c4 dxc4 14. Qxc4 Nb6
15. Qb3 Qd7 16. Rec1 Bc7 17. a4 Qd5 18. Qc2 Nbd7 19. b4 Nb8 20. e4 Qd7 21. b5
g5 22. bxc6 Qxc6 23. Qb2 Qb6 24. Qxb6 axb6 25. a5 bxa5 26. Bxa5 Nc6 27. Bc3 e5
28. d5 Rhe8 29. Ra8+ Nb8 30. Bxe5 Rxe5 31. Nxe5 Rd6 32. Nxf7 Rb6 33. d6 Ne8 34.
e5 Kd7 35. Bf5# 1-0

[Event "13sen.WMH 2003 Senioren"]
[Site "Bad Zwischenahn(17.11.-29.11.2003)"]
[Date "2003.11.29"]
[Round "3"]
[White "Waisberg, Arnold"]
[Black "Trifunovic, Dusan"]
[Result "1-0"]
[WhiteElo "2014"]
[BlackElo "1869"]
[PlyCount "105"]


1. e4 e5 2. Bc4 Bc5 3. d3 d6 4. Nc3 Nc6 5. a3 a6 6. b4 Bd4 7. Nge2 Qh4 8. Nxd4
Nxd4 9. Be3 Bg4 10. Qc1 Be6 11. Nd5 Bxd5 12. Bxd5 c6 13. Bc4 Qg4 14. Bxd4 Qxg2
15. Ke2 exd4 16. Qf4 Qg6 17. Rhg1 Qf6 18. Qxf6 gxf6 19. Rg7 Nh6 20. Rag1 Ke7
21. R1g3 Rag8 22. Rxg8 Nxg8 23. a4 Kf8 24. b5 axb5 25. axb5 Ne7 26. Rf3 Kg7 27.
Rg3+ Ng6 28. bxc6 bxc6 29. f4 Kf8 30. Kf3 Ke7 31. Rg1 f5 32. Rb1 fxe4+ 33. dxe4
Nf8 34. Rb7+ Nd7 35. Bxf7 Rb8 36. Rxb8 Nxb8 37. Bg8 h6 38. Kg4 Nd7 39. Bc4 Kf6
40. Bf1 c5 41. Bb5 Nb6 42. Kf3 d5 43. e5+ Ke7 44. f5 Kf7 45. Be2 c4 46. Kf4 c3
47. Bh5+ Ke7 48. f6+ Ke6 49. Bg4+ Kf7 50. Kf5 Nc8 51. e6+ Kf8 52. Be2 Na7 53.
e7+ 1-0

[Event "13sen.WMH 2003 Senioren"]
[Site "Bad Zwischenahn(17.11.-29.11.2003)"]
[Date "2003.11.29"]
[Round "3"]
[White "Weber, Gerhard,Dr.[34Levk]"]
[Black "Ofstad, Per"]
[Result "0-1"]
[WhiteElo "1879"]
[BlackElo "2180"]
[PlyCount "54"]


1. e4 c6 2. d4 d5 3. exd5 cxd5 4. c4 Nf6 5. Nc3 Nc6 6. Nf3 Bg4 7. cxd5 Nxd5 8.
Qb3 Bxf3 9. gxf3 Nb6 10. d5 Nd4 11. Qd1 e5 12. dxe6 fxe6 13. Be3 Nf5 14. Qxd8+
Rxd8 15. Be2 Bb4 16. O-O Nxe3 17. fxe3 Bxc3 18. bxc3 Nd5 19. Rfd1 Ke7 20. Rd3
Rc8 21. Rb1 b6 22. Rb3 Rc7 23. e4 Nf4 24. Re3 Rd8 25. Bf1 Rd2 26. Ra3 Rcd7 27.
Bb5 Rg2+ 0-1

[Event "13sen.WMH 2003 Senioren"]
[Site "Bad Zwischenahn(17.11.-29.11.2003)"]
[Date "2003.11.29"]
[Round "3"]
[White "Werchan, Hans,Dr."]
[Black "Molez, Karl"]
[Result "1/2-1/2"]
[WhiteElo "2022"]
[BlackElo "1885"]
[PlyCount "36"]


1. Nf3 Nf6 2. d4 g6 3. Nbd2 d5 4. e3 Bg7 5. Bd3 O-O 6. b3 Nbd7 7. Bb2 c5 8. O-O
cxd4 9. exd4 Nh5 10. Re1 b6 11. Bf1 Bb7 12. g3 Rc8 13. Bh3 e6 14. Rc1 Nhf6 15.
Bg2 Qe7 16. c4 Rc7 17. Rc2 Rfc8 18. Qe2 Ba6 1/2-1/2

[Event "13sen.WMH 2003 Senioren"]
[Site "Bad Zwischenahn(17.11.-29.11.2003)"]
[Date "2003.11.29"]
[Round "3"]
[White "Wittmann, Georg"]
[Black "Steinbach, Horst"]
[Result "1-0"]
[WhiteElo "1820"]
[BlackElo "1497"]
[PlyCount "71"]


1. c4 Nf6 2. Nc3 d5 3. cxd5 Nxd5 4. e4 Nxc3 5. bxc3 e5 6. Nf3 Bd6 7. Bc4 O-O 8.
O-O Bg4 9. d4 exd4 10. cxd4 Nc6 11. Be3 Na5 12. Be2 Nc6 13. d5 Ne5 14. Nxe5
Bxe2 15. Qxe2 Bxe5 16. Rab1 b6 17. f4 Bf6 18. Rbc1 Qd7 19. Qc4 Rac8 20. e5 Be7
21. f5 Kh8 22. e6 fxe6 23. dxe6 Qe8 24. Qa6 Qh5 25. Qxa7 Bd6 26. Bf4 Bxf4 27.
Rxf4 Qg5 28. Rcf1 Ra8 29. Qxc7 Rxa2 30. Qb7 Re8 31. Rc4 Qd8 32. Qd7 Qxd7 33.
exd7 Rd8 34. Rc8 Ra8 35. Rxa8 Rxa8 36. Re1 1-0

[Event "13sen.WMH 2003 Senioren"]
[Site "Bad Zwischenahn(17.11.-29.11.2003)"]
[Date "2003.11.29"]
[Round "3"]
[White "Wulf, Adalbert"]
[Black "Stuerzenbaum, Arthur"]
[Result "0-1"]
[WhiteElo "1800"]
[BlackElo "2186"]
[PlyCount "86"]


1. d4 Nf6 2. Nf3 g6 3. b3 Bg7 4. Bb2 d6 5. e3 O-O 6. Bd3 Nbd7 7. e4 e5 8. c3
exd4 9. cxd4 Re8 10. O-O Nxe4 11. Qc2 Nef6 12. Nc3 Nb6 13. h3 Nbd5 14. Nxd5
Nxd5 15. Qd2 c6 16. Rfe1 Rxe1+ 17. Rxe1 Be6 18. Bb1 Qf6 19. Qg5 h6 20. Qxf6
Bxf6 21. Bxg6 Kg7 22. Bb1 a5 23. a3 Ne7 24. Bc2 Rc8 25. Bc3 b6 26. Bd2 Nf5 27.
Be3 c5 28. Bxf5 Bxf5 29. Rc1 Be6 30. Rc3 b5 31. Rd3 c4 32. bxc4 Bxc4 33. Rd2 d5
34. Rc2 Be7 35. Bc1 b4 36. axb4 axb4 37. Bb2 Ra8 38. Rc1 Ra2 39. Ba1 Bd3 40.
Ne5 Bc2 41. Ng4 Bg5 42. f4 Bxf4 43. Rf1 Bg3 0-1

[Event "13sen.WMH 2003 Senioren"]
[Site "Bad Zwischenahn(17.11.-29.11.2003)"]
[Date "2003.11.29"]
[Round "3"]
[White "Ziltener, Werner"]
[Black "Bosbach, Manfred"]
[Result "1-0"]
[WhiteElo "1967"]
[BlackElo "1766"]
[PlyCount "69"]


1. Nf3 b6 2. g3 Bb7 3. Bg2 Nf6 4. O-O d6 5. d4 Nbd7 6. c4 e5 7. e3 Be7 8. b3
O-O 9. Bb2 exd4 10. exd4 Re8 11. Nc3 Ne4 12. d5 Nxc3 13. Bxc3 Bf6 14. Nd4 Nf8
15. Bh3 Bxd4 16. Qxd4 Qg5 17. f4 Qh6 18. Rae1 c5 19. dxc6 Bxc6 20. Bg2 Bxg2 21.
Kxg2 Rad8 22. f5 Nd7 23. Rxe8+ Rxe8 24. Re1 Rxe1 25. Bxe1 Qf6 26. Qxf6 Nxf6 27.
Bc3 Ne8 28. Kf3 f6 29. Ke4 Kf7 30. Kd5 Ke7 31. Kc6 h5 32. a4 Kd8 33. Bb4 Ke7
34. Ba3 a5 35. h4 1-0

[Event "13sen.WMH 2003 Senioren"]
[Site "Bad Zwischenahn(17.11.-29.11.2003)"]
[Date "2003.11.29"]
[Round "3"]
[White "Zoltek, Tadeuz"]
[Black "Petrasch, Klaus"]
[Result "1/2-1/2"]
[WhiteElo "2294"]
[BlackElo "1914"]
[PlyCount "124"]


1. c4 c6 2. Nf3 Nf6 3. Nc3 d5 4. d4 g6 5. cxd5 cxd5 6. Bf4 Nc6 7. e3 a6 8. Ne5
e6 9. Nxc6 bxc6 10. Be2 Bd6 11. Bxd6 Qxd6 12. O-O c5 13. Qa4+ Ke7 14. dxc5 Qxc5
15. Rac1 Bd7 16. Qh4 Qd6 17. Rfd1 h6 18. Bf3 g5 19. Qd4 Rab8 20. e4 Qb4 21. Qe5
Qd6 22. Nxd5+ Nxd5 23. Qxd6+ Kxd6 24. exd5 e5 25. b3 Rhc8 26. Kf1 f5 27. Ke1
Rxc1 28. Rxc1 Bb5 29. b4 e4 30. Bd1 Kxd5 31. Rc5+ Ke6 32. Bb3+ Kf6 33. Rd5 Rc8
34. Rd6+ Ke5 35. Rd5+ Kf6 36. Rd6+ Ke5 37. Rxh6 f4 38. Rg6 Kf5 39. Be6+ Kxg6
40. Bxc8 Kf6 41. Kd2 Ke5 42. a4 Bxa4 43. Bxa6 Kd4 44. g3 Bb3 45. Bf1 Bd5 46. b5
e3+ 47. fxe3+ fxe3+ 48. Ke1 Kc5 49. Be2 Be6 50. Kd1 Bf5 51. Kc1 Be4 52. Kb2 Kd4
53. b6 Kc5 54. Kc3 Kxb6 55. Kd4 Bc6 56. Kxe3 Kc5 57. Bf3 Be8 58. Ke4 Bc6+ 59.
Kf5 Bxf3 60. Kxg5 Kd5 61. Kf6 Bg4 62. h4 Ke4 1/2-1/2

[Event "13sen.WMH 2003 Senioren"]
[Site "Bad Zwischenahn(17.11.-29.11.2003)"]
[Date "2003.11.29"]
[Round "3"]
[White "Zotin, Vladimir"]
[Black "Stock, Hugo"]
[Result "1-0"]
[WhiteElo "1882"]
[BlackElo "1614"]
[PlyCount "99"]


1. e4 c5 2. Nf3 Nc6 3. Bb5 Nf6 4. Qe2 g6 5. c3 Bg7 6. O-O O-O 7. Na3 d6 8. d4
cxd4 9. cxd4 Nd7 10. Be3 a6 11. Bxc6 bxc6 12. b3 c5 13. Rfd1 Bb7 14. Qd3 Rc8
15. Rac1 cxd4 16. Rxc8 Qxc8 17. Bxd4 Bxd4 18. Qxd4 Qc5 19. Nc4 f6 20. Ne1 Rc8
21. f3 Qxd4+ 22. Rxd4 Kf7 23. Kf2 Bc6 24. Ke3 Bb5 25. Rxd6 Rxc4 26. bxc4 exd6
27. cxb5 axb5 28. Kd4 Nb6 29. Kc3 d5 30. exd5 Nxd5+ 31. Kd4 Ke6 32. Kc5 Nc7 33.
Nc2 Kd7 34. Nd4 b4 35. Kc4 f5 36. Nc2 Ne6 37. Kxb4 Nf4 38. Ne1 h5 39. Kc5 Kc7
40. Kd4 Kd6 41. a4 Ne6+ 42. Kc4 Kc6 43. Nd3 g5 44. a5 f4 45. Nb4+ Kb7 46. Kd5
Ng7 47. Ke5 Ka7 48. Kf6 g4 49. Kxg7 h4 50. h3 1-0

[Event "13sen.WMH 2003 Senioren"]
[Site "Bad Zwischenahn(17.11.-29.11.2003)"]
[Date "2003.??.??"]
[Round "3.1"]
[White "Vucenovic, Dragomir"]
[Black "Klovans, Janis"]
[Result "0-1"]
[WhiteElo "2305"]
[BlackElo "2460"]
[PlyCount "124"]


1. d4 Nf6 2. Nf3 d5 3. g3 c5 4. Bg2 cxd4 5. O-O h6 6. Nxd4 e5 7. Nb3 Nc6 8. Nc3
Be6 9. Na4 b6 10. c4 Rc8 11. cxd5 Nxd5 12. Bd2 Be7 13. Rc1 O-O 14. Nc3 Ndb4 15.
Be3 Qxd1 16. Rfxd1 Nxa2 17. Nxa2 Bxb3 18. Rd7 Bc5 19. Bxc5 bxc5 20. Bxc6 Rxc6
21. Rxa7 Rd8 22. f3 Rd2 23. Kf1 c4 24. Ra1 Rb6 25. Nc3 Bc2 26. Ke1 Rd8 27. Rc1
Rxb2 28. Ra2 Rxa2 29. Nxa2 Bb3 30. Nc3 Ra8 31. Kd2 f5 32. f4 Kf7 33. e4 exf4
34. gxf4 Rd8+ 35. Ke2 fxe4 36. Nxe4 Rd4 37. Kf3 Rd3+ 38. Kg4 Bd1+ 39. Kh4 Bb3
40. Kg4 Rd4 41. Kf3 Bd1+ 42. Ke3 Rd3+ 43. Kf2 Bb3 44. Nc5 Rd2+ 45. Kg3 Rd5 46.
Nxb3 cxb3 47. Rc7+ Ke6 48. Rb7 Rd3+ 49. Kg4 g6 50. Rb6+ Kd5 51. Rxg6 Kc5 52.
Re6 b2 53. Re1 Rb3 54. Rb1 Kd4 55. f5 Ke5 56. Re1+ Kf6 57. Rb1 Rb4+ 58. Kh5 Rb8
59. Kg4 Rb3 60. h3 Rb7 61. Kh4 Kxf5 62. Kh5 Rb6 0-1

[Event "13sen.WMH 2003 Senioren"]
[Site "Bad Zwischenahn(17.11.-29.11.2003)"]
[Date "2003.??.??"]
[Round "3.2"]
[White "Uhlmann, Wolfgang"]
[Black "Ljubarskij, Jurij"]
[Result "1/2-1/2"]
[WhiteElo "2455"]
[BlackElo "2295"]
[PlyCount "103"]


1. c4 e5 2. Nc3 f5 3. d4 exd4 4. Qxd4 Nf6 5. Nf3 Nc6 6. Qd1 Bc5 7. e3 d6 8. Be2
O-O 9. O-O Bd7 10. Na4 Bb6 11. b3 Qe7 12. Bb2 Rae8 13. Nxb6 axb6 14. Re1 Ne4
15. Bf1 Qf7 16. Nd4 f4 17. f3 fxe3 18. Rxe3 Nc5 19. Rxe8 Rxe8 20. Qd2 Ne6 21.
Nb5 Ne5 22. Re1 Ng6 23. Nc3 Nef4 24. Rxe8+ Bxe8 25. g3 Ne6 26. f4 Bc6 27. Nd5
Ne7 28. b4 Bxd5 29. cxd5 Nf8 30. Bg2 Nd7 31. Qc3 c6 32. dxc6 bxc6 33. Bxc6 Nxc6
34. Qxc6 Qe6 35. Qc3 Nf6 36. Qb3 Nd5 37. Kf2 b5 38. Qd3 Nf6 39. Bxf6 gxf6 40.
Qxb5 Qxa2+ 41. Kf3 Qxh2 42. Qd5+ Kg7 43. Qxd6 Qh1+ 44. Kg4 h5+ 45. Kf5 Qh3+ 46.
Ke4 Qxg3 47. Qe7+ Kg8 48. Kf5 Qg4+ 49. Kxf6 Qxf4+ 50. Kg6 Qg4+ 51. Qg5 Qxg5+
52. Kxg5 1/2-1/2

[Event "13sen.WMH 2003 Senioren"]
[Site "Bad Zwischenahn(17.11.-29.11.2003)"]
[Date "2003.??.??"]
[Round "3.3"]
[White "Semasev, Kim"]
[Black "Chernikov, Oleg"]
[Result "0-1"]
[WhiteElo "2290"]
[BlackElo "2443"]
[PlyCount "68"]


1. e4 c5 2. Nf3 Nc6 3. d4 cxd4 4. Nxd4 g6 5. Nc3 Bg7 6. Be3 Nf6 7. Bc4 Qa5 8.
O-O d6 9. h3 O-O 10. a3 Bd7 11. b4 Qc7 12. Bb3 Nxd4 13. Qxd4 Ng4 14. Nd5 Qd8
15. Qd3 Nxe3 16. Nxe3 Bxa1 17. Rxa1 a5 18. Rf1 axb4 19. axb4 Be6 20. Nd5 Bxd5
21. exd5 Qd7 22. Re1 Rfe8 23. f4 Qf5 24. Qe3 Qf6 25. Kh2 Ra1 26. Rxa1 Qxa1 27.
Qb6 Qa6 28. Qd4 Ra8 29. Bc4 Qa1 30. Qe4 Qf6 31. Bb3 Ra1 32. Bc4 Qc3 33. Be2 Re1
34. Qd3 Qxb4 0-1

[Event "13sen.WMH 2003 Senioren"]
[Site "Bad Zwischenahn(17.11.-29.11.2003)"]
[Date "2003.??.??"]
[Round "3.4"]
[White "Chepukaitis, Genrikh"]
[Black "Dornieden, Manfred,Prof.Dr."]
[Result "1-0"]
[WhiteElo "2420"]
[BlackElo "2202"]
[PlyCount "99"]


1. d4 d6 2. e4 g6 3. Nc3 Bg7 4. Bg5 a6 5. f4 Nc6 6. Nf3 Bg4 7. Ne2 d5 8. e5 Nh6
9. Bh4 Nf5 10. Bf2 Bxf3 11. gxf3 e6 12. c3 h5 13. Ng3 Nce7 14. Bd3 Bh6 15. Ne2
Qd7 16. a4 O-O 17. Rg1 Kh7 18. a5 Rg8 19. h4 Rab8 20. Kf1 Nc6 21. Qa4 Qe8 22.
Kg2 Nce7 23. Qc2 Qd8 24. Kh3 c6 25. b3 Qd7 26. Qd2 Rbc8 27. Bc2 Qc7 28. b4 Bf8
29. Nc1 Nh6 30. Nd3 Nef5 31. Nc5 Be7 32. Bd3 Rb8 33. Rg5 Qd8 34. Rag1 Rg7 35.
Rh1 Bxg5 36. fxg5 Ng8 37. Bxf5 gxf5 38. Nd3 b6 39. Ra1 c5 40. dxc5 bxc5 41.
Bxc5 Rc8 42. Qe3 Kh8 43. Nf4 Rh7 44. g6 fxg6 45. Nxe6 Qd7 46. Nf4 Qc6 47. e6
Rg7 48. Bd4 Ne7 49. Nxh5 Kg8 50. Qh6 1-0

[Event "13sen.WMH 2003 Senioren"]
[Site "Bad Zwischenahn(17.11.-29.11.2003)"]
[Date "2003.??.??"]
[Round "3.5"]
[White "Opl, Klaus,Dr."]
[Black "Shabanov, Yuri"]
[Result "1/2-1/2"]
[WhiteElo "2275"]
[BlackElo "2443"]
[PlyCount "31"]


1. e4 d6 2. d4 Nf6 3. Nc3 g6 4. Nf3 Bg7 5. Be3 c6 6. Qd2 b5 7. Bd3 Nbd7 8. Bh6
Bxh6 9. Qxh6 e5 10. h3 Bb7 11. dxe5 dxe5 12. O-O Ng8 13. Qd2 Ngf6 14. Qh6 Ng8
15. Qd2 Ngf6 16. Qh6 1/2-1/2

[Event "13sen.WMH 2003 Senioren"]
[Site "Bad Zwischenahn(17.11.-29.11.2003)"]
[Date "2003.??.??"]
[Round "3.6"]
[White "Bukal, Vladimir"]
[Black "Klein, Manfred[40Siegb]"]
[Result "0-1"]
[WhiteElo "2428"]
[BlackElo "2265"]
[PlyCount "84"]


1. d4 Nf6 2. Nf3 g6 3. g3 Bg7 4. Bg2 O-O 5. c4 d6 6. Nc3 Nc6 7. O-O a6 8. Re1
Rb8 9. Rb1 Bf5 10. e4 Bg4 11. h3 Bxf3 12. Bxf3 Nd7 13. d5 Nd4 14. Bg2 c5 15.
dxc6 bxc6 16. b3 c5 17. h4 Ne5 18. Be3 Nef3+ 19. Bxf3 Nxf3+ 20. Qxf3 Bxc3 21.
Rec1 Bg7 22. h5 a5 23. Kg2 Qd7 24. Qd1 Rb7 25. Qd5 Rfb8 26. Bd2 Qd8 27. Qd3 Qd7
28. a4 Ra7 29. Rh1 Qe6 30. Rh3 Qf6 31. g4 Ra6 32. f4 e6 33. g5 Qd4 34. Qe2 d5
35. hxg6 hxg6 36. exd5 exd5 37. Re3 Kf8 38. Kg3 Re6 39. Rxe6 fxe6 40. Bxa5 dxc4
41. Qxe6 Qd3+ 42. Kh4 Re8 0-1

[Event "13sen.WMH 2003 Senioren"]
[Site "Bad Zwischenahn(17.11.-29.11.2003)"]
[Date "2003.11.29"]
[Round "3.7"]
[White "Karl, Hans[35SUI]"]
[Black "Karasev, Vladimir"]
[Result "1-0"]
[WhiteElo "2280"]
[BlackElo "2409"]
[PlyCount "120"]


1. d4 b6 2. e4 Bb7 3. Bd3 e6 4. Nf3 c5 5. c3 Nf6 6. Qe2 Be7 7. O-O d6 8. Re1
O-O 9. Nbd2 cxd4 10. cxd4 Nc6 11. a3 a6 12. Nf1 b5 13. h3 Re8 14. Ng3 Nd7 15.
Be3 Na5 16. Rac1 Nb6 17. Nd2 Nbc4 18. Rc2 Nxe3 19. Qxe3 Bg5 20. f4 Bh6 21. Qf2
Qb6 22. f5 Bxd2 23. Rxd2 Nb3 24. Rdd1 Qxd4 25. Bc2 Qxf2+ 26. Kxf2 Na5 27. Rxd6
Nc4 28. Rd4 Nxb2 29. Rb1 Nc4 30. Rxc4 bxc4 31. Rxb7 Rab8 32. Rxb8 Rxb8 33. Nf1
Rb2 34. Ne3 Ra2 35. a4 Kf8 36. Ke2 Ke7 37. Kd2 Kd6 38. Nxc4+ Kc5 39. Ne5 exf5
40. exf5 f6 41. Nd3+ Kd4 42. Nf4 Ra3 43. h4 Ra1 44. g3 Ra3 45. g4 Rf3 46. Ne6+
Ke5 47. Nxg7 Rf2+ 48. Kc3 Rf3+ 49. Kb2 Rh3 50. h5 Rg3 51. Bd1 Rd3 52. Kc1 a5
53. Ne6 h6 54. Kc2 Ra3 55. Nc5 Kd5 56. Kb2 Rg3 57. Nd7 Rg2+ 58. Bc2 Kd6 59.
Nxf6 Ke7 60. Nd5+ Kf8 1-0

[Event "13sen.WMH 2003 Senioren"]
[Site "Bad Zwischenahn(17.11.-29.11.2003)"]
[Date "2003.??.??"]
[Round "3.8"]
[White "Donchenko, Anatoli"]
[Black "Goy, Udo"]
[Result "1-0"]
[WhiteElo "2410"]
[BlackElo "2260"]
[PlyCount "39"]


1. Nf3 g6 2. d4 Bg7 3. c4 Nf6 4. g3 c5 5. Bg2 O-O 6. O-O cxd4 7. Nxd4 a6 8. Nc3
Nc6 9. c5 Ne4 10. Nxc6 Nxc3 11. Nxd8 Nxd1 12. Rxd1 Rxd8 13. Bf4 a5 14. Bc7 Re8
15. Rd2 a4 16. a3 Bf6 17. Rc1 Ra6 18. e3 h5 19. Bf1 Ra8 20. Bb5 1-0

[Event "13sen.WMH 2003 Senioren"]
[Site "Bad Zwischenahn(17.11.-29.11.2003)"]
[Date "2003.??.??"]
[Round "3.11"]
[White "Sawadkuhi, Massoud Amir"]
[Black "Katalymov, Boris"]
[Result "0-1"]
[WhiteElo "2255"]
[BlackElo "2400"]
[PlyCount "84"]


1. d4 c5 2. d5 e6 3. e4 exd5 4. exd5 d6 5. Nc3 Be7 6. Nf3 Nf6 7. Be2 O-O 8. O-O
Re8 9. Nd2 Nbd7 10. a4 Ne5 11. a5 h5 12. a6 h4 13. axb7 Bxb7 14. f4 Ned7 15.
Nc4 Bf8 16. Bf3 a5 17. b3 Ba6 18. Re1 Bxc4 19. bxc4 Nb6 20. Be2 g6 21. Bd2 Bg7
22. Ra3 h3 23. g4 a4 24. Rf1 Qe7 25. Bd3 Nfd7 26. Nb5 Nxc4 27. Re1 Nce5 28.
fxe5 Nxe5 29. Bf1 Qd7 30. Rg3 c4 31. Na3 Qa7+ 32. Be3 Qa5 33. Nxc4 Nxc4 34.
Bxc4 Re4 35. Ba2 Rae8 36. Rf1 Rxe3 37. Rxe3 Rxe3 38. g5 Be5 39. Qg4 Qd2 40.
Qc8+ Kg7 41. Rxf7+ Kxf7 42. Qe6+ Kg7 0-1

[Event "13sen.WMH 2003 Senioren"]
[Site "Bad Zwischenahn(17.11.-29.11.2003)"]
[Date "2003.??.??"]
[Round "3.12"]
[White "Boehnisch, Manfred"]
[Black "Wagner, Carl[40USA]"]
[Result "1-0"]
[WhiteElo "2350"]
[BlackElo "2099"]
[PlyCount "78"]


1. e4 c5 2. Nf3 d6 3. Bb5+ Bd7 4. Bxd7+ Qxd7 5. O-O Nc6 6. Re1 Nf6 7. b3 e6 8.
d4 cxd4 9. Nxd4 Be7 10. Bb2 a6 11. c4 Nxd4 12. Qxd4 O-O 13. Nc3 Rfd8 14. a4 Ne8
15. Rad1 Qc7 16. Re2 b6 17. Qd3 Bf6 18. Nb1 Be7 19. Na3 Rab8 20. Re3 Qc6 21.
Nc2 Qb7 22. Nd4 Bf6 23. Qe2 Bxd4 24. Bxd4 b5 25. cxb5 axb5 26. a5 Rd7 27. Rc1
d5 28. exd5 Rxd5 29. Bb6 Rc8 30. Rec3 Rxc3 31. Rxc3 Qd7 32. h3 h6 33. Rc1 Qd6
34. Qc2 Nf6 35. Qc8+ Kh7 36. Qc7 Qxc7 37. Rxc7 Rd7 38. a6 Rxc7 39. Bxc7 Nd5 1-0

[Event "13sen.WMH 2003 Senioren"]
[Site "Bad Zwischenahn(17.11.-29.11.2003)"]
[Date "2003.??.??"]
[Round "3.13"]
[White "Chehlov, Alexander"]
[Black "Piankov, Evgenij"]
[Result "0-1"]
[WhiteElo "2246"]
[BlackElo "2250"]
[PlyCount "238"]


1. e4 g6 2. d4 Bg7 3. Nc3 c6 4. Nf3 d5 5. h3 a6 6. a3 Nf6 7. Bd3 dxe4 8. Nxe4
Nxe4 9. Bxe4 Be6 10. O-O Bd5 11. Qe2 O-O 12. Bg5 Re8 13. Rad1 Qb6 14. Bc1 Nd7
15. Rfe1 a5 16. Bxd5 cxd5 17. c3 Rac8 18. Qc2 Qc6 19. Bg5 e6 20. a4 Nb6 21. Ra1
Nc4 22. Bf4 Qb6 23. Re2 Nd6 24. Bxd6 Qxd6 25. Qb3 Qa6 26. Ree1 Rc6 27. Qb5 Qa7
28. Ra3 Rec8 29. Rb3 b6 30. Ra3 Qc7 31. Raa1 Rd6 32. g3 Rdd8 33. Kg2 Bf8 34.
Ne5 Bd6 35. Re2 Kg7 36. h4 h5 37. Qd3 Rb8 38. Nf3 Rb7 39. Ng5 Be7 40. Nf3 Rdb8
41. Qb5 Rc8 42. Ne5 Bd6 43. Nf3 Qc4 44. Nd2 Qxb5 45. axb5 Ra7 46. Ra4 Re7 47.
f4 Rec7 48. Ra1 Kf6 49. Nf1 Ke7 50. Ne3 Kd7 51. Nf1 Rg8 52. Nd2 Ra8 53. Ra4
Rcc8 54. Re1 Be7 55. Nf3 f6 56. Re2 Bd6 57. Re1 Ke7 58. Re2 Kf7 59. Re1 Re8 60.
Re2 Re7 61. Re1 Rae8 62. Raa1 Rg8 63. Re2 Ree8 64. Ree1 Ke7 65. Re2 Kd7 66. Kf2
Be7 67. Kg2 Kd6 68. Rae1 Bd8 69. Kf2 Rg7 70. Kg2 Ra7 71. Ra1 Ree7 72. Ra4 Rg7
73. Re1 g5 74. hxg5 fxg5 75. fxg5 Bxg5 76. Kf2 Raf7 77. Ke2 Bd8 78. Rg1 Rg4 79.
Raa1 Re4+ 80. Kf2 h4 81. Rae1 hxg3+ 82. Kg2 Ref4 83. Rgf1 Rg7 84. Rh1 Bf6 85.
Rh3 Rfg4 86. Rh6 R4g6 87. Rh5 Ra7 88. Reh1 Rf7 89. R1h3 Rfg7 90. Rh6 e5 91.
dxe5+ Bxe5 92. R6h5 Bf6 93. Rf5 Kc5 94. Rhh5 Kxb5 95. Rxd5+ Kc6 96. Rd2 Kb7 97.
Rf5 Bg5 98. Re2 Bd8 99. Rd5 Bc7 100. Re4 Rh6 101. Re1 Rf7 102. Rd3 Bf4 103. Rd4
Rhf6 104. Rd3 Rd6 105. Rxd6 Bxd6 106. Re6 Kc7 107. b3 Rh7 108. c4 Kd7 109. Re2
Re7 110. Rd2 Kc7 111. Nd4 Bf4 112. Re2 Rxe2+ 113. Nxe2 Be5 114. Kf3 Kc6 115.
Ke4 Bd6 116. Kf3 Kc5 117. Nc3 Be5 118. Nd5 b5 119. Ne3 a4 0-1

[Event "13sen.WMH 2003 Senioren"]
[Site "Bad Zwischenahn(17.11.-29.11.2003)"]
[Date "2003.11.29"]
[Round "3.14"]
[White "Arkhangelsky, Boris"]
[Black "Rudnik, Heinz"]
[Result "1-0"]
[WhiteElo "2269"]
[BlackElo "1996"]
[PlyCount "95"]


1. d4 Nf6 2. c4 g6 3. Nc3 Bg7 4. e4 d6 5. Be2 c5 6. Nf3 cxd4 7. Nxd4 O-O 8. O-O
Nc6 9. Be3 Bd7 10. Nc2 b6 11. Qd2 Rc8 12. Bh6 Ne5 13. Bxg7 Kxg7 14. Ne3 Bc6 15.
f4 Ned7 16. Ned5 Bxd5 17. cxd5 Qc7 18. Kh1 Nc5 19. Qe3 Ncd7 20. Bb5 Kg8 21.
Rae1 e6 22. dxe6 fxe6 23. Rc1 Qc5 24. Qh3 Rce8 25. Bxd7 Nxd7 26. Nd5 Qd4 27.
Nc7 Rc8 28. Qxe6+ Rf7 29. Rc3 Rcf8 30. Nb5 Qf6 31. Qd5 Kh8 32. Nxd6 Re7 33.
Rcf3 Nc5 34. e5 Qh4 35. g3 Qg4 36. b4 Ne6 37. Ne4 Rd8 38. Nd6 Kg7 39. R3f2 Rf8
40. Rc1 Ng5 41. Rcf1 Nh3 42. Rf3 Rc7 43. e6 Re7 44. f5 Rf6 45. Qe5 Ng5 46. Rf4
Qh3 47. fxg6 Rexe6 48. Ne8+ 1-0

[Event "13sen.WMH 2003 Senioren"]
[Site "Bad Zwischenahn(17.11.-29.11.2003)"]
[Date "2003.11.29"]
[Round "3.15"]
[White "Niebling, Ferdinand"]
[Black "Krawinkel, Hans-Werner"]
[Result "1-0"]
[WhiteElo "2068"]
[BlackElo "1756"]
[PlyCount "77"]


1. e4 c5 2. Nc3 d6 3. f4 Nc6 4. Nf3 g6 5. Bc4 e6 6. O-O Bg7 7. d3 Nge7 8. Qe1
Nd4 9. Bb3 a6 10. Nxd4 cxd4 11. Ne2 Nc6 12. Bd2 a5 13. a4 b6 14. Ng3 O-O 15. f5
Ne5 16. Qc1 Ng4 17. Bg5 Bf6 18. Bxf6 Nxf6 19. Qg5 Kg7 20. fxg6 h6 21. Qxf6+
Qxf6 22. Nh5+ Kxg6 23. Nxf6 Ra7 24. Rf3 Rh8 25. Raf1 Kg7 26. Rg3+ Kf8 27. Rf4
Rc7 28. h4 h5 29. Rg5 Rc5 30. Rxc5 bxc5 31. Kf2 e5 32. Rf3 Rh6 33. Bxf7 Bg4 34.
Nxg4 hxg4 35. Rf5 Ke7 36. Kg3 Rh7 37. h5 Rxf7 38. Rxf7+ Kxf7 39. Kxg4 1-0

[Event "13sen.WMH 2003 Senioren"]
[Site "Bad Zwischenahn(17.11.-29.11.2003)"]
[Date "2003.11.29"]
[Round "3.17"]
[White "Zunker, Reinhard,Dr."]
[Black "Lieb, Harald"]
[Result "1/2-1/2"]
[WhiteElo "2132"]
[BlackElo "2273"]
[PlyCount "35"]


1. e4 e6 2. d4 d5 3. e5 c5 4. c3 Nc6 5. Nf3 Bd7 6. Be2 f6 7. O-O cxd4 8. cxd4
fxe5 9. dxe5 Nge7 10. Re1 g6 11. Nc3 Bg7 12. Bb5 O-O 13. Bg5 h6 14. Bxc6 Bxc6
15. Bxe7 Qxe7 16. Qd3 Rf5 17. Nd4 Raf8 18. Nxf5 1/2-1/2